ბათუმის შოთა რუსთაველის სახელმწიფო უნივერსიტეტის ბიბლიოთეკა

სოფლის სურათები (ბიბ.ჩანაწერი № 48814)

000 -LEADER
fixed length control field 00959nam a2200241Ia 4500
001 - CONTROL NUMBER
control field 15716
003 - CONTROL NUMBER IDENTIFIER
control field GE_BSU
008 - FIXED-LENGTH DATA ELEMENTS--GENERAL INFORMATION
fixed length control field 181216s||||||||xx |||||||||||||| ||und||
040 ## - CATALOGING SOURCE
Transcribing agency GE_BSU
080 ## - UNIVERSAL DECIMAL CLASSIFICATION NUMBER
Universal Decimal Classification number 821.353.1+821.353.1-4
100 ## - MAIN ENTRY--PERSONAL NAME
Personal name წვერავა, სიმონ
245 ## - TITLE STATEMENT
Title სოფლის სურათები
245 ## - TITLE STATEMENT
Remainder of title მოთხრობები, ნარკვევები
245 ## - TITLE STATEMENT
Statement of responsibility, etc. პ/მგ რედ.შ.ძიძიგური. მხ.დ. ქუთათელაძე
260 ## - PUBLICATION, DISTRIBUTION, ETC.
Place of publication, distribution, etc. თბილისი
260 ## - PUBLICATION, DISTRIBUTION, ETC.
Name of publisher, distributor, etc. საბლიტგამი
260 ## - PUBLICATION, DISTRIBUTION, ETC.
Date of publication, distribution, etc. 1954.
300 ## - PHYSICAL DESCRIPTION
Extent 320გვ. ; 19სმ
653 ## - INDEX TERM--UNCONTROLLED
Uncontrolled term ლევან ლეშკაშელი; ბრიგადირთან; სიყვარული [და სხვა]
653 ## - INDEX TERM--UNCONTROLLED
Uncontrolled term მოთხრობები, ნარკვევები
653 ## - INDEX TERM--UNCONTROLLED
Uncontrolled term სოფლის სურათები
942 ## - ADDED ENTRY ELEMENTS (KOHA)
Koha item type წიგნი
ეგზემპლარები
Withdrawn status Lost status Damaged status Not for loan Date acquired Barcode Date last seen Price effective from Koha item type
        2018-12-17 38936 2018-12-17 2018-12-17 წიგნი
        2018-12-17 38937 2018-12-17 2018-12-17 წიგნი